Das deutsche Lichtbild jahresschau 1928/29 (Record no. 4730)

MARC details
000 -CABECERA
campo de control de longitud fija 00868nam a2200229 a 4500
001 - NÚMERO DE CONTROL
campo de control BRCA_5036
005 - FECHA Y HORA DE LA ÚLTIMA TRANSACCIÓN
campo de control 20190320204919.0
008 - DATOS DE LONGITUD FIJA--INFORMACIÓN GENERAL
campo de control de longitud fija 750919s1929----gw-a######---#000-0#ger-#
041 ## - CÓDIGO DE LENGUA
Código de lengua del texto/banda sonora o título independiente ger
044 ## - CÓDIGO DEL PAÍS DE LA ENTIDAD EDITORA/PRODUCTORA
Código MARC del país gw
050 #4 - SIGNATURA TOPOGRÁFICA DE LA BIBLIOTECA DEL CONGRESO
Número de clasificación TR1
Número de documento/Ítem .D48 1929
245 10 - MENCIÓN DE TÍTULO
Título Das deutsche Lichtbild jahresschau 1928/29
Resto del título unseren deutschen und auslandischen Mitarbeitern in Dankbarkeit gewidmet.
260 ## - PUBLICACIÓN, DISTRIBUCIÓN, ETC.
Lugar de publicación, distribución, etc. Berlín
Nombre del editor, distribuidor, etc. Robert & Bruno Schultz
Fecha de publicación, distribución, etc. 1929
300 ## - DESCRIPCIÓN FÍSICA
Extensión 1 v. (en varias paginaciones)
Otras características físicas il., 92 láminas
Dimensiones 28 cm.
Material acompañante/anejo información en inglés [37] p. y folleto de jueces nacionales y extranjeros [7] p.
500 ## - NOTA GENERAL
Nota general Incluye índice de fotografías que requieren explicaciones especiales
500 ## - NOTA GENERAL
Nota general DD20
546 ## - NOTA DE LENGUA/LENGUAJE
Nota de lengua/lenguaje Texto en alemán e inglés
650 14 - PUNTO DE ACCESO ADICIONAL DE MATERIA--TÉRMINO DE MATERIA
Término de materia o nombre geográfico como elemento de entrada Fotografía
Subdivisión de forma Anuarios
9 (RLIN) 12863
650 14 - PUNTO DE ACCESO ADICIONAL DE MATERIA--TÉRMINO DE MATERIA
Término de materia o nombre geográfico como elemento de entrada Fotografía artística
Subdivisión de forma Anuarios
9 (RLIN) 12864
902 ## - CATALOGADOR
Iniciales GFM
942 ## - ELEMENTOS DE PUNTO DE ACCESO ADICIONAL (KOHA)
Fuente del sistema de clasificación o colocación Library of Congress Classification
Tipo de ítem Koha Libros
Holdings
Estado de retiro Estado de pérdida Estado dañado No para préstamo Localización permanente Ubicación/localización actual Fecha de adquisición Número de inventario Total de préstamos Signatura topográfica completa Código de barras Fecha visto por última vez Precio válido a partir de Tipo de ítem Koha
El ejemplar forma parte de la colección y puede ser consultado según las políticas vigentes.       Biblioteca del Museo Franz Mayer (Rogerio Casas-Alatriste) Biblioteca del Museo Franz Mayer (Rogerio Casas-Alatriste) 04/11/2010 DD20   TR1 .D48 1929 (DD20) 5146 22/03/2019 22/03/2019 Libros